| 000 | 00459nam a2200181Ia 4500 | ||
|---|---|---|---|
| 003 | GCL | ||
| 008 | 140319s9999 xx 000 0 eng d | ||
| 040 |
_aGCL / _cGCL |
||
| 082 | 0 | 4 |
_a491.1 _bC T |
| 100 | 1 | _aCHOSE, VIJAYA | |
| 245 | 1 | 0 |
_aTIRTHA: THE TREASURY OF INDIAN EXPRESSIONS / _cCHOSE, VIJAYA |
| 260 |
_a[S.N] : _bCMC LTD ، _c1992 |
||
| 300 | _a301 P | ||
| 650 | 0 | 4 | _aINDIA |
| 650 | 0 | 4 | _aINDIAN LANGUAGES |
| 650 | 0 | 4 | _aEXPRESSIONS |
| 942 |
_2ddc _cBK |
||
| 999 |
_c25590 _d25590 |
||